El maratón: ­puedes hacerlo!

محفوظ في:
التفاصيل البيبلوغرافية
المؤلف الرئيسي: Galloway, Jeff (مؤلف)
التنسيق: كتاب
اللغة:الإسبانية
منشور في: Barcelona Paidotribo 2003
الطبعة:1a. ed
الموضوعات:
الوسوم: إضافة وسم
لا توجد وسوم, كن أول من يضع وسما على هذه التسجيلة!

MARC

LEADER 00000nam a2200000 a 4500
001 UCK3021
003 CL-VaPUC
008 050408e20030000SP |||||||||||||||||spa|d
020 |a 8480197331 
082 0 4 |a 796.4252  |b GAL  |2 21 
100 |a Galloway, Jeff  |e author  |9 552517 
245 1 3 |a El maratón: ­puedes hacerlo! 
250 |a 1a. ed 
300 |a 271 p 
942 |c BK 
945 |d 20050408 00:00:00  |a cmena 
260 |a Barcelona  |b Paidotribo  |c 2003 
650 7 |a MARATON  |2 CL-VaPUC  |9 455018 
650 7 |a ENTRENAMIENTO ATLETICO  |2 CL-VaPUC  |9 491042 
650 0 |a Deportes  |9 224367 
583 |a last modification  |c 20050408 00:00:00  |k Rodrigo Vera 
999 |c 312368  |d 312366 
952 |0 0  |1 0  |4 0  |6 796_425200000000000_GAL_2003  |7 0  |8 A  |9 382575  |a BIBEDU  |b BIBEDU  |d 2019-11-21  |i 4107810  |o 796.4252 GAL 2003  |p 4107810  |r 2019-11-21  |w 2019-11-21  |y BK  |k EFI